Edinburgh order test (Record no. 100331)

MARC details
000 -LEADER
fixed length control field 00242cam a2200109 4500
008 - FIXED-LENGTH DATA ELEMENTS--GENERAL INFORMATION
fixed length control field 000000n 000 0 eng u
035 ## - SYSTEM CONTROL NUMBER
System control number (Sirsi) u105215
100 ## - MAIN ENTRY--PERSONAL NAME
Personal name Smith, Jim
245 ## - TITLE STATEMENT
Title Edinburgh order test
350 ## - PRICE (NR) (BK AM CF MU VM SE) [OBSOLETE]
Price 10.00
942 ## - ADDED ENTRY ELEMENTS (KOHA)
Suppress in OPAC 0

No items available.